000 00538nam a22001457a 4500
999 _c534235
_d534235
020 _qHard Cover.
082 _a620.44
100 _aAli, Shahbaz
245 _aSynthesis of Ni0.5Zn0.5Fe2O4/MWCNT Nano- hybird by Ultra- Sonication Assisted Mehtiod for Enhanced Dielectric Properties /
_cShahbaz Ali.
260 _aIslamabad:
_bSCME - NUST,
_c2017.
942 _2ddc
_cTHE
650 _aMaterials & Surface Engineering MS-Thesis.
_921398
700 _aDr. Iftikhar Hussain Gul.
_916197